Wszyscy Polacy w Lidze Angielskiej - Statystyki

Ogólne statystyki
  • Ten quiz został rozwiązany 31 razy
  • Średni wynik to 15 z 23
Statystyki odpowiedzi
Zawodnik Ostatni Klub Pozycja % Poprawnych
Łuaksz Fabiański West Ham Br
100%
Wojciech Szczęsny Aresnal Br
100%
Artur Boruc Bournemouth Br
97%
Jan Bednarek Southampton Śo
97%
Jakub Kiwior Arsenal Śo
90%
Jerzy Dudek Liverpool Br
90%
Matty Cash Aston Villa Bo
87%
Mateusz Klich Leeds Śpd
83%
Kamil Grosicki West Bromwich Albion Ln
80%
Marcin Wasilewski Leicester Śo
80%
Grzegorz Krychowiak West Bromwich Albion Śpd
77%
Jakub Moder Brighton Śp
70%
Przemysław Płacheta Norwich City Ln
67%
Grzegorz Rasiak Bolton Śn
60%
Tomasz Kuszczak Birmingham City Br
53%
Jakub Stolarczyk Leicester Br
43%
Ebi Smolarek Bolton Śn
37%
Robert Warzycha Everton Pp
37%
Emmanuel Olisadebe Portsmouth Śn
33%
Jarosław Fojut Bolton Śo
33%
Piotr Świerczewski Birmingham City Śpd
27%
Dariusz Kubicki Aston Villa Bo
10%
Zbigniew Kruszyński Coventry City Śp
3%
Nie znaleziono quizów pasujących do podanych kryteriów
Rozkład punktacji
Procent ludzi z każdym wynikiem
Percentyl według liczby udzielonych odpowiedzi
Twoja historia wyników
Nie rozwiązałeś tego quizu